000
00340nam a2200145Ia 4500
100
_a
Shammas/Namir C
942
_c
BK
654
_a
Foundations of C++
245
_a
Foundations of C++ and Object Oriented Prog
260
_b
Comdex Pub
_a
New Delhi
_c
1996
082
_a
5.133
_b
SHA
300
_a
784
546
_a
ENGLISH
999
_c
25148
_d
25148